|
|
|
|
| LEADER |
00000nam2a2200000 4500 |
| 001 |
343999 |
| 005 |
20231102005622.0 |
| 010 |
|
|
|a 9785991659710
|
| 035 |
|
|
|a (RuTPU)RU\TPU\book\374933
|
| 090 |
|
|
|a 343999
|
| 100 |
|
|
|a 20191204d2015 m y0rusy50 ca
|
| 101 |
0 |
|
|a rus
|
| 102 |
|
|
|a RU
|
| 105 |
|
|
|a a j 001zy
|
| 200 |
0 |
|
|a Т. 1
|
| 210 |
|
|
|d 2015
|
| 215 |
|
|
|a 359 с.
|c ил.
|
| 320 |
|
|
|a Библиогр.: с. 359
|
| 330 |
|
|
|a В книге изложены теоретические и практические основы курса общей химии. Большое внимание уделено строению атомов и молекул, закономерностям протекания химических реакций. В настоящем переработанном и дополненном издании выделены в самостоятельные главы органические соединения и дисперсные системы, расширен материал по биохимии и проблемам взаимодействия человека с окружающей средой. Легендарный учебник, переведенный на многие языки стран Европы, Азии, Африки и выпущенный общим тиражом свыше 5 млн экземпляров, в новой редакции! Содержание учебника соответствует актуальным требованиям Федерального государственного образовательного стандарта высшего образования и методическим требованиям, предъявляемым к учебным изданиям.
|
| 461 |
|
1 |
|0 (RuTPU)RU\TPU\book\375143
|y 978-5-9916-5847-8
|t Общая химия
|o учебник для академического бакалавриата
|o в 2 т.
|f Н. Л. Глинка
|g под ред. В. А. Попкова, А. В. Бабкова
|v Т. 1
|e 19-е изд., перераб. и доп.
|d 2015
|s Бакалавр. Академический курс
|
| 606 |
1 |
|
|a Химия общая
|2 stltpush
|3 (RuTPU)RU\TPU\subj\67862
|9 83510
|
| 610 |
1 |
|
|a учебники
|
| 610 |
1 |
|
|a атомно-молекулярная структура
|
| 610 |
1 |
|
|a периодический закон Менделеева
|
| 610 |
1 |
|
|a атомы
|
| 610 |
1 |
|
|a атомные ядра
|
| 610 |
1 |
|
|a строение
|
| 610 |
1 |
|
|a электроны
|
| 610 |
1 |
|
|a химическая связь
|
| 610 |
1 |
|
|a газы
|
| 610 |
1 |
|
|a жидкости
|
| 610 |
1 |
|
|a твердые вещества
|
| 610 |
1 |
|
|a химические реакции
|
| 610 |
1 |
|
|a химическое равновесие
|
| 610 |
1 |
|
|a скорость
|
| 610 |
1 |
|
|a химические растворы
|
| 610 |
1 |
|
|a электролитическая диссоциация
|
| 610 |
1 |
|
|a кислоты
|
| 610 |
1 |
|
|a основания
|
| 610 |
1 |
|
|a реакции окисления-восстановления
|
| 610 |
1 |
|
|a комплексные соединения
|
| 675 |
|
|
|a 54(075.8)
|v 4
|
| 801 |
|
1 |
|a RU
|b 63413507
|c 20191204
|
| 801 |
|
2 |
|a RU
|b 63413507
|c 20200109
|g RCR
|
| 942 |
|
|
|c BK
|